Państwa Unii europejskiej z kolorem żółtym na fladze - Statystyki

Ogólne statystyki
  • Ten quiz został rozwiązany 166 razy
  • Średni wynik to 5 z 6
Statystyki odpowiedzi
Państwo % Poprawnych
Hiszpania
94%
Niemcy
93%
Szwecja
89%
Belgia
85%
Litwa
85%
Rumunia
83%
Nie znaleziono quizów pasujących do podanych kryteriów
Rozkład punktacji
Procent ludzi z każdym wynikiem
Percentyl według liczby udzielonych odpowiedzi
Twoja historia wyników
Nie rozwiązałeś tego quizu